Debajo del canto: Un análisis del Himno Nacional de Costa Rica

সংরক্ষণ করুন:
গ্রন্থ-পঞ্জীর বিবরন
প্রধান লেখক: Amoretti, María
বিন্যাস: গ্রন্থ
ভাষা:Undetermined
প্রকাশিত: San José, Costa Rica Universidad de Costa Rica 1987
বিষয়গুলি:
ট্যাগগুলো: ট্যাগ যুক্ত করুন
কোনো ট্যাগ নেই, প্রথমজন হিসাবে ট্যাগ করুন!

MARC

LEADER 00000nam a2200000Ia 4500
008 170316s9999 xx 000 0 und d
090 |a 801 A-20d 
100 |a Amoretti, María 
245 |a Debajo del canto: Un análisis del Himno Nacional de Costa Rica 
260 |a San José, Costa Rica 
260 |b Universidad de Costa Rica 
260 |c 1987 
300 |a 84 páginas 
650 |a TEORÍA LITERARIA 
650 |a CANTOS NACIONALES - COSTA RICA 
650 |a HIMNO NACIONAL 
650 |a INTERTEXTOS - HIMNO NACIONAL 
650 |a LITERATURA NACIONAL - HIMNO 
999 |c 20011  |d 20011 
040 |a cru BVZT 
942 |c 15 D  |h 801 A-20d  |2 z